000 00530cam a2200205ua 4500
001 8408
008 150129n ii |||gr||||Z||||||eng
020 _a9788179772539
040 _cMAIN
041 _aeng
082 _a820
100 _aMundra, J. N.,
_eAuthor.
245 1 _aHistory of english literature :
_bVol. III /
_cBy J. N. Mundra .
250 _a12th.
260 _aBareilly:
_bPrakash,
_c2007.
300 _a730p.
653 _aEnglish.& Old English literatures
700 _aMundra, S. C.,
_eAuthor.
942 _cBK
999 _c7517
_d7517